Code Cracker! V Quiz Stats

 Plays Quiz Updated Jul 14, 2017

Support Sporcle.
Go Orange.
Score 0/173 Timer 04:00
5 Plays Today
% Correct
✔​​
100%
B​
100%
B​
100%
✔​​
100%
W​
100%
O​​​
93.3%
O​
93.3%
O​
93.3%
O​
93.3%
O​
93.3%
O​
93.3%
O​
93.3%
O​
93.3%
✔​​
93.3%
✔​​
91.7%
M​
91.7%
M​
91.7%
M​
91.7%
M​
91.7%
M​
91.7%
M​
91.7%
M​
91.7%
✔​​
91.4%
A​
91.4%
A​
91.4%
A​
91.4%
A​
91.4%
A​
91.4%
A​
91.4%
A​
91.4%
A​
91.4%
A​
91.4%
A​
91.4%
A​
91.4%
A​
91.4%
A​
91.4%
A​
91.4%
A​
91.4%
A​
91.4%
A​
91.4%
A​
91.4%
✔​​
90.6%
I​
90.6%
I​
90.6%
I​
90.6%
I​
90.6%
I​
90.6%
I​
90.6%
I​
90.6%
I​
90.6%
I​
90.6%
I​
90.6%
✔​​
90.4%
R​
90.4%
R​
90.4%
R​
90.4%
R​
90.4%
R​
90.4%
% Correct
R​
90.4%
R​
90.4%
R​
90.4%
R​
90.4%
R​
90.4%
R​
90.4%
R​
90.4%
R​
90.4%
✔​​
89.9%
N​
89.9%
N​
89.9%
N​
89.9%
N​
89.9%
N​
89.9%
N​
89.9%
N​
89.9%
✔​​
89%
E​
89%
E​
89%
E​
89%
E​
89%
E​
89%
E​
89%
E​
89%
E​
89%
E​
89%
E​
89%
E​
89%
E​
89%
✔​​
88.9%
U​
88.9%
U​
88.9%
U​
88.9%
U​
88.9%
U​
88.9%
✔​​
88.4%
S​
88.4%
S​
88.4%
S​
88.4%
S​
88.4%
S​
88.4%
✔​​
87.4%
D​
87.4%
D​
87.4%
D​
87.4%
D​
87.4%
D​
87.4%
D​
87.4%
✔​​
87%
T​
87%
T​
87%
T​
87%
T​
87%
T​
87%
T​
87%
T​
87%
T​
87%
L​
85.7%
% Correct
L​
85.7%
L​
85.7%
L​
85.7%
L​
85.7%
L​
85.7%
85.7%
✔​​
85.6%
H​
85.6%
H​
85.6%
H​
85.6%
H​
85.6%
H​
85.6%
H​
85.6%
H​
85.6%
✔​​
85.4%
Y​
85.4%
Y​
85.4%
Y​
85.4%
Y​
85.4%
Y​
85.4%
✔​​
85.4%
P​
85.4%
P​
85.4%
P​
85.4%
P​
85.4%
✔​​
84.2%
C​
84.2%
C​
84.2%
C​
84.2%
C​
84.2%
C​
84.2%
C​
84.2%
C​
84.2%
✔​​
83%
K​
83%
K​
83%
K​
83%
K​
83%
K​
83%
✔​​
82.9%
G​
82.9%
G​
82.9%
G​
82.9%
G​
82.9%
✔​​
78.9%
X​
78.9%
✔​​
76.8%
J​
76.8%
✔​
76.4%
Q​
76.4%
✔​​
76.1%
F​
76.1%
✔​​
75.9%
Z​
75.9%
✔​​
74.7%
V​
74.7%
V​
74.7%

You're not logged in!

Compare scores with friends on all Sporcle quizzes.
OR
Log In
Forgot?

From the Vault

Around the Perimeter of California

by mg10

We're fairly certain it doesn't border Rhode Island.
Remove Ads.
Support Sporcle.
Get the best of Sporcle when you Go Orange. This ad-free experience offers more features, more stats, and more fun while also helping to support Sporcle. Thank you for becoming a member.

Show Comments

Extras

Top Quizzes Today


Score Distribution

Your Account Isn't Verified!

In order to create a playlist on Sporcle, you need to verify the email address you used during registration. Go to your Sporcle Settings to finish the process.

Report this User

Report this user for behavior that violates our Community Guidelines.

Details: